000 00292nam a2200121Ia 4500
008 190216s9999||||xx |||||||||||||| ||und||
100 _aVinay Prabhu Sharma
245 0 _aBio-Organic Chemistry
260 _bPragathi Prakashan
300 _a140
650 _aChemistry-Chemistry
942 _cBK
999 _c3367
_d3367